000 00203 a2200097 4500
001 14038
100 _aTennyson
245 _aIdylls of the king
260 _aLondon
_bMacmillan
_c
090 _c10995
_d10995
942 _aNUST-CAE
_cM
_c1108
999 _c249111
_d249111